000 00388nam a22001577a 4500
003 BDDh-ASL
005 20231015031042.0
008 221205n xx ||||| |||| 00| 0 urd d
040 _aBDDh-ASL
_cBDDh-ASL
041 _aurd
082 _a297
_bTAF
245 0 0 _aTafsir Mutazawi : / تفسیر مرتضوی
300 _a479 p. :
_c20 cm.
650 0 _aTafsir
_94705
942 _2ddc
_cBK
999 _c29659
_d29659